| 000 | 00525nam a2200181Ia 4500 | ||
|---|---|---|---|
| 008 | 240925s9999 xx 000 0 und d | ||
| 020 | _a131172638 | ||
| 082 | _a621.38456 LEE | ||
| 100 | _aLee, Valentino; Schneider, Heather | ||
| 245 | 0 | _aMobile Applications: architecture, design ,and development | |
| 250 | _aNA | ||
| 260 |
_aNew Jersey: _bPearson Education _c,2004. |
||
| 300 |
_axx,972p. _bNa _fOriginal |
||
| 500 | _aIncludes Index | ||
| 600 | _aTelecommunication Engineering | ||
| 650 | _aTechnology | ||
| 942 | _cBK | ||
| 999 |
_c9573 _d9573 |
||